000 00586cab a22001935a 4500
001 L147137|
008 090406e20090327xxkad f s 000 0 eng d
035 _a(Sirsi) u147137
041 0 _aeng
100 1 _aNeale, Jon
245 0 4 _aThe end is nigh
260 _c2009
490 0 _aProperty Week
_v75(13) 27 March 2009, 36(1)
520 _aArgues that land prices have a further 10% to fall before they stabilise over the summer of 2009. Tables.
590 _aKA
651 4 _aUnited Kingdom
_y
690 _aPROPERTY-RESIDENTIAL PROPERTY-RESIDENTIAL PROPERTY MARKET
942 _n0
999 _c81401
_d81401